| 000 | 00719nam a22001937a 4500 | ||
|---|---|---|---|
| 005 | 20251108175753.0 | ||
| 008 | 250721s2020 xx 000 0 ara d | ||
| 082 | 1 | 4 | _a956.411/كنع |
| 100 | 1 | _aكنعان، عبدالله توفيق | |
| 245 | 1 | 0 | _aالبنية الثقافية والاجتماعية والاقتصادية في القدس / |
| 264 | 1 |
_aعمان : _bمنشورات اللجنة الملكية لشؤون القدس، _c2020. |
|
| 300 | _a154ص. | ||
| 650 | 1 | 7 | _aتاريخ فلسطين |
| 650 | 1 | 7 | _aالقدس |
| 650 | 1 | 7 | _aالبيئة الاجتماعية و الثقافية |
| 650 | 1 | 7 | _aالبيئة الاجتماعية و الاقتصادية |
| 942 |
_2ddc _cBK |
||
| 999 |
_c141967 _d141967 |
||